Dans ma trousse il y a.... - Statistiques

Statistiques générales
  • Ce quiz a été pris 93 fois
  • Le résultat moyen est 9 sur 23
Statistiques - réponses
Hint Réponse % Correct
7 Gomme
93%
15 Règle
83%
17 Feutre
71%
6 Colle
63%
12 Taille crayon
55%
23 Compas
53%
10 Crayon à papier
51%
19 Ciseaux
50%
1 Stylo bleu
47%
4 Stylo noir
47%
2 Stylo rouge
47%
3 Stylo vert
47%
8 Blanco / souris
45%
16 Crayon de couleur
41%
14 Veleda / Effaceur
38%
9 Surligneurs
28%
5 Stylo 4 couleurs
26%
13 Scotch
21%
11 Critérium
20%
22 Boules de papiers
7%
21 Minnes de critérium
1%
18 Feutre fins
0%
20 Minnes de compas
0%
Aucun quiz correspondant
Distribution des résultats
% des personnes avec chaque résultat
Percentile par nombre de réponses
Votre historique - résultats
Vous n’avez pas pris ce quiz